000 00378nam a22001577a 4500
005 20160430120538.0
008 160430b xxu||||| |||| 00| 0 eng d
041 _aeng
082 _b1060
100 _aCoker W. Francis
_9336
245 _aRecent Political Thought
260 _aKolkata
_bWorld Press Pvt. Ltd.
_c1993
300 _a573
650 _aManagement
_9241
942 _cBK
999 _c389
_d389